Statistics for Capitals of the Americas - West to East

Click here to take the quiz!

General Stats

  • This quiz has been taken 61 times
  • The average score is 26 of 35

Answer Stats

Longitude Capital % Correct
99° 08' WMexico City
95%
79° 31' WPanama City
88%
82° 23' WHavana
86%
90° 32' WGuatemala City
86%
47° 52' WBrasilia
86%
70° 40' WSantiago
83%
77° 02' WLima
83%
87° 13' WTegucigalpa
83%
78° 35' WQuito
83%
56° 11' WMontevideo
81%
89° 11' WSan Salvador
81%
72° 20' WPort-au-Prince
81%
86° 15' WManagua
81%
66° 55' WCaracas
81%
84° 05' WSan Jose
79%
58° 23' WBuenos Aires
79%
76° 48' WKingston
79%
77° 02' WWashington
79%
69° 57' WSanto Domingo
76%
68° 09' WLa Paz
76%
75° 42' WOttawa
76%
88° 46' WBelmopan
74%
74° 05' WBogota
74%
77° 21' WNassau
71%
58° 10' WGeorgetown
71%
61° 31' WPort of Spain
71%
61° 14' WKingstown
69%
57° 38' WAsuncion
69%
55° 10' WParamaribo
67%
61° 23' WRoseau
64%
59° 37' WBridgetown
64%
61° 51' WSt. John's
62%
61° 45' WSt. George´s
60%
62° 44' WBasseterre
57%
60° 59' WCastries
52%

Score Distribution

Percentile by Number Answered

Percent of People with Each Score

Your Score History

You have not taken this quiz